<Die> wirtschaftliche Lage Russlands Monetäre Orientierungslosigkeit und realwirtschaftlicher Aktionismus. Dritter Bericht

Guardado en:
Detalles Bibliográficos
Formato: Libro
Lenguaje:alemán
Publicado: Kiel Institut für Weltwirtschaft 1993
Edición:1. Aufl.
Colección:Kieler Diskussionsbeiträge 220/221
Materias:
Etiquetas: Agregar Etiqueta
Sin Etiquetas, Sea el primero en etiquetar este registro!

MARC

LEADER 00000nam a2200000 4500
001 c005306
005 20250512095428.3
020 |a 3-89456-062-2 
041 0 |a ger 
044 |a DE 
245 1 0 |a <Die> wirtschaftliche Lage Russlands  |b Monetäre Orientierungslosigkeit und realwirtschaftlicher Aktionismus. Dritter Bericht 
250 |a 1. Aufl. 
264 1 |a Kiel  |b Institut für Weltwirtschaft  |c 1993 
300 |a 61 s. 
490 1 |a Kieler Diskussionsbeiträge  |v 220/221 
830 0 |a Kieler Diskussionsbeiträge  |v 220/221 
610 2 0 |a Rusko 
610 2 0 |a situácia hospodárska 
610 2 0 |a trh práce 
610 2 0 |a nezamestnanosť 
610 2 0 |a politika peňažná 
610 2 0 |a rozpočet štátny 
610 2 0 |a bilancia platobná 
610 2 0 |a zadlženosť zahraničná 
610 2 0 |a zabezpečenie sociálne 
610 2 0 |a trh vnútorný 
610 2 0 |a doprava 
610 2 0 |a poľnohospodárstvo 
610 2 0 |a údaje štatistické